[Event "Moscow op-E"]
[Site "Moscow"]
[Date "2011.02.03"]
[Round "6.219"]
[White "Parvanyan, Alfred"]
[Black "Mavrinsky, Ivan"]
[Result "0-1"]
[WhiteElo "1836"]
[BlackElo "1987"]
[PlyCount "30"]
[EventDate "2011.01.29"]
[EventType "swiss"]
[EventRounds "9"]
[EventCountry "RUS"]
[SourceTitle "EXT 2022"]
[Source "ChessBase"]
[SourceDate "2021.10.06"]
[SourceVersion "1"]
[SourceVersionDate "2021.10.06"]
[SourceQuality "1"]

1. d4 Nf6 2. c4 d6 3. Nc3 g6 4. e4 Bg7 5. f3 Nbd7 6. Be3 0-0 7. Qd2 e5 8. d5 Ne8 9. 0-0-0 a6 10. Kb1 Nc5 11. g4 Bd7 12. h4 f5 13. gxf5 gxf5 14. Bg5 Nf6 15. Nge2 fxe4 0-1

[Event "Moscow op-E"]
[Site "Moscow"]
[Date "2011.01.31"]
[Round "3.131"]
[White "Mavrinsky, Ivan"]
[Black "Terekhov, Konstantin"]
[Result "0-1"]
[WhiteElo "1987"]
[BlackElo "2223"]
[PlyCount "54"]
[EventDate "2011.01.29"]
[EventType "swiss"]
[EventRounds "9"]
[EventCountry "RUS"]
[SourceTitle "EXT 2022"]
[Source "ChessBase"]
[SourceDate "2021.10.06"]
[SourceVersion "1"]
[SourceVersionDate "2021.10.06"]
[SourceQuality "1"]

1. Nf3 d5 2. c4 Nf6 3. cxd5 Nxd5 4. Nc3 g6 5. d4 Bg7 6. e4 Nxc3 7. bxc3 c5 8. Bb5+ Nc6 9. 0-0 0-0 10. Be3 Bg4 11. d5 Ne5 12. Be2 Nxf3+ 13. Bxf3 Bxf3 14. gxf3 Bxc3 15. Rc1 Qa5 16. Qb3 Bb4 17. Bh6 Rfe8 18. f4 Qa3 19. Qd1 Qh3 20. Bg5 h6 21. a3 Bxa3 22. Rb1 c4 23. Kh1 hxg5 24. Rg1 gxf4 25. Rg4 Qd3 26. Qg1 Qf3+ 27. Rg2 c3 0-1